| 000 | 00627nam a2200205Ii 4500 | ||
|---|---|---|---|
| 003 | JO-AjNU | ||
| 008 | 230605s9999||||xx |||||||||||||| ||und|| | ||
| 017 | _a2032 | ||
| 040 |
_aJO-AjNU _bara _erda _cJO-AjNU |
||
| 041 | _aara | ||
| 050 | 1 | 4 | _aBF38 .M8338. 1980 |
| 100 | 3 |
_aفراج،محمد فرغلي, _eauthor _915156 |
|
| 245 | 0 | 0 | _aالحياة النفسية |
| 264 | 3 | 1 | _aالقاهرة:دار الثقافة للطباعة والنشر ، 1980 |
| 300 | _a179ص | ||
| 336 |
_atext _btxt _2rdacontent |
||
| 337 |
_aunmediated _bn _2rdamedia |
||
| 338 |
_avolume _bnc _2rdacarrier |
||
| 650 | 4 |
_aعلم النفس _915157 |
|
| 999 |
_aA4214 _c7782 _d7782 |
||